| 000 | 01105nam a22002777a 4500 | ||
|---|---|---|---|
| 999 |
_c116337 _d116337 |
||
| 003 | dpl | ||
| 005 | 20190411155459.0 | ||
| 008 | 190411b ||||| |||| 00| 0 eng d | ||
| 010 | _aB-037534 | ||
| 020 |
_c200.00 _a8174833779 |
||
| 035 | _aB-037534, B-037556 | ||
| 037 | _bCen Lib/Ret | ||
| 040 |
_aDPL _bHN _c0 |
||
| 082 |
_aउ _bओझाद |
||
| 100 |
_aओझा, दशरथ _92233 |
||
| 245 |
_aनिवेदिता : _cदशरथ ओझा _bमौलिक, सांस्कृतिक उपन्यास / |
||
| 246 |
_aNivedita : maulik, sanskritik upanyas / _bby Dashrath Ojha |
||
| 260 |
_aदिल्ली _bराजपाल _c2000 |
||
| 270 |
_bदिल्ली _aकश्मीरी गेट _e110006 |
||
| 300 |
_a254पृ. _c22सेमी (सजिल्द) |
||
| 650 |
_a हिन्दी साहित्य _966004 |
||
| 650 |
_a हिन्दी साहित्य -- उपन्यास _946379 |
||
| 650 |
_aHindi literature _966005 |
||
| 650 |
_aHindi literature -- Fiction _966006 |
||
| 942 |
_2ddc _cHN _hउ _mओझाद |
||